OFFICE of the Surveyor General of the Federation Abuja & FCT street atlas

Saved in:
Bibliographic Details
Format: Book
Language:English
Published: Office of the Surveyor General of the Federation, [n.d.].
Tags: Add Tag
No Tags, Be the first to tag this record!

MARC

LEADER 00000nam a22000007a 4500
008 210506b ||||| |||| 00| 0 eng d
245 |a OFFICE of the Surveyor General of the Federation  |b Abuja & FCT street atlas  |c office of the surveyor General of the Federation  |g 140p; ill 
260 |b  Office of the Surveyor General of the Federation,   |c  [n.d.].   |h Abuja  |i 690289  |l G2698 .Of2  |m Abuja and FCT (Nigeria) – Maps.  |m Abuja Metropolitan Area (Nigeria) - Maps 
942 |a lcc  |c BK  |e Adekanye, I.H.  |f 06/05/2021 
952 |0 0  |1 0  |2 lcc  |4 0  |6 G2698 O F2  |7 0  |9 2404  |a HOL  |b RF  |c GJ  |d 2021-05-06  |l 0  |o G2698 .Of2  |p 2021-6255  |r 2021-05-06 00:00:00  |w 2021-05-06  |y BK 
999 |c 1248  |d 1248